Reglamento de funcionarios de la Diputación Provincial de Barcelona : aprobado por acuerdo de la Comisión Gestora Provincial de 5 de marzo de 1943 aprobado por acuerdo de la Comisión Gestora Provincial de 5 de marzo de 1943
Descripción Física:
41 p. ; 15'5 cm
MARC
| LEADER | 00000nam a2200000Ia 4500 | ||
|---|---|---|---|
| 001 | 9965 | ||
| 008 | 160829s9999 xx 000 0 cat d | ||
| 080 | |a FU-2-15 | ||
| 110 | 1 | |a Barcelona (Catalunya : Província). |b Diputació |9 52408 | |
| 245 | |a Reglamento de funcionarios de la Diputación Provincial de Barcelona : |b aprobado por acuerdo de la Comisión Gestora Provincial de 5 de marzo de 1943 | ||
| 260 | |a Barcelona : |b (Imp. Casa Caritat), [1943?] | ||
| 300 | |a 41 p. ; |c 15'5 cm | ||
| 590 | |a Hi ha un duplicat: DUP-21-16 | ||
| 610 | 1 | 0 | |a Barcelona (Catalunya : Província). |b Diputació |x Funcionaris i empleats |x Dret i legislació |9 56154 |
| 901 | |a Arxiu | ||
| 942 | |n 1 | ||
| 952 | |0 0 |1 0 |4 0 |6 FU215 |7 1 |9 42394 |a Arxiu |b Arxiu |d 2016-12-01 |l 0 |o FU-2-15 |p 9965 |r 2016-12-01 00:00:00 |w 2016-12-01 |y ARXIU | ||
| 999 | |c 44899 |d 44899 | ||